| 000 | 00711nam a2200229 a 4500 | ||
|---|---|---|---|
| 999 |
_c5157 _d5157 |
||
| 001 | 5157 | ||
| 003 | BD-JhCC | ||
| 005 | 20171213095859.0 | ||
| 008 | 171209s2005 bg ||||| |||| 00| 0 ben d | ||
| 020 | _a9842000125 | ||
| 035 | _a(BD-JhCC)5157 | ||
| 040 |
_aBD-JhCC _dBD-JhCC |
||
| 041 | _aben | ||
| 082 |
_a891.4409 _bKHA 2005 |
||
| 100 | _aখান, হাফিজ রশিদ | ||
| 245 |
_aনির্বাচিত আদিবাসী গদ্য / _cহাফিজ রশিদ খান |
||
| 260 |
_aঢাকা : _bঅ্যাডর্ন পাবলিকেশন, _c2005. |
||
| 300 |
_a128 p. : _c21 cm. |
||
| 650 | _aCollection of tribal essays | ||
| 942 |
_2ddc _cBK |
||